Wszystkie przystanki Praga Południe - Statystyki

Ogólne statystyki
  • Ten quiz został rozwiązany 44 razy
  • Średni wynik to 49 z 104
Statystyki odpowiedzi
Linie zatrzymujące się na Przystanku Nazwa Przystanku % Poprawnych
111,117,123,148,213,219,402,411,507,509,E-1,N02,N03,N22,N72 Gocław
94%
111,123,141,147,151,182,188,411,502,514,520,523,525,E-1,N02,N22,N25,N72 Saska
88%
3,6,9,22,24,26,123,125,142,143,145,148,173,183,702,704,720,722,730,N03,N24 Wiatraczna
85%
3,6,7,22,25,26,T,102,123,125,135,138,146,147,166,202,509,N03,N21,N71 Aleja Zieleniecka
82%
3,6,9,24,125,142,143,145,173,183,521,702,704,720,722,730,N21,N24,N71 Gocławek
82%
168,225,502,514,520,525,N02,N25 CH Promenada
76%
3,6,22,26,102,125,135,146,147,202,N03,N21,N71 Lubelska
73%
141,143,151,182,188,502,514,520,523,525,N25 Międzynarodowa
73%
3,6,9,24,123,125,135,141,142,143,145,148,173,183,521,702,704,720,722,730,N03,N21,N24,N71 Plac Szembeka
73%
3,6,22,26,125,135,311,N03,N21,N71 Praga-PołudnieRatusz
73%
7,9,22,24,25,102,111,117,123,138,146,147,158,166,302,507,509,521,N02,N22,N24,N72 Rondo Waszyngtona
73%
123,135,148,158,168,182,225,502,514,520,525,N02,N03,N25 Zamieniecka
70%
135,141,143,158,188,311,523 Osiedle Majdańska
67%
135,151,158,182,311,502,514,520,525,N25 Poligonowa
67%
141,143,151,158,182,188,502,514,520,525,N25 Przyczółek Grochowski
67%
188,202 Szaserów
67%
3,6,9,24,123,125,141,142,143,145,148,173,183,702,704,720,722,730,N03,N24 Wspólna Droga
67%
3,6,22,26,125,135,N03,N21,N72 Bliska
64%
117,138,146,147 Francuska
64%
3,6,22,26,125,135,N03,N21,N71 Gocławska
61%
3,6,22,26 Kickiego
61%
9,24,102,158,302,521,N24 Kinowa
61%
123,135,141,148,158,182,N03 Łukowska
61%
102,123,173,202 Mińska
61%
141,158,168,182 Witolin
61%
3,6,9,24,125,142,143,145,173,183,521,702,704,720,722,730 Żółkiewskiego
61%
3,6,9,24 Czapelska
58%
102,123,173,188,202,523,N21,N71 Dwernickiego
58%
3,6,9,24,125,142,143,145,173,183,702,704,720,722,730,N21,N24,N71 Kwatery Głównej
58%
111,148,168,213,225,311,509,N02,N03,N22,N72 Umińskiego
58%
111,123,147,507,509,N02,N22,N72 Adampolska
55%
147,148,148,213,219,225,411,507,509,E-1,N02,N03,N22,N72 Bora-Komorowskiego
55%
111,123 Brazylijska
55%
146 Fieldorfa
55%
102,135,302,523 PKP Olszynka Grochowska
55%
168,225,502,514,520,525,N02,N25 Zajezdnia Ostrobramska
55%
111,117,123,147,311,411,507,509,E-1,N02,N22,N72 Abrahama
52%
9,24 Berezyńska
52%
102,135,188,202,302,523,N21,N71 Chłopickiego
52%
102,123,146,147,173,202 Dworzec Wschodni (Lubelska)
52%
9,24,521,N24 Grenadierów
52%
3,6,7,13,25,26,28,T,102,120,123,166,169,509,512,N02,N03,N21,N71 Kijowska
52%
3,6,22,26,125,135,302,311,N21,N71 Międzyborska
52%
111,123,213,509,N02,N22,N72 Osiedle Wilga
52%
125,142,143,145,173,183,225,402,514,520,702,704,720,722,730,N02,N21,N22,N24,N25,N71 Płowiecka
52%
102,188,202,302,523,N21,N71 Szaserów Szpital
52%
138,141,143,151,182,188,N25 Wał Miedzeszyński
52%
111,117,123,147,507,509,E-1,N02,N22,N72 Afrykańska
48%
151,182,502,514,520,525,N25 Kanał Gocławski
48%
135,151,311 Nowaka-Jeziorańskiego
48%
102,188,202,302,523,N21,N71 Osiedle Młodych
48%
9,24,158,302,N24 Park Skaryszewski
48%
143,145,173,183,225,N02,N21,N24,N25,N71 PKP Gocławek
48%
173,202,302,N21,N71 RKS Orzeł
48%
111,117,123,147,N02,N22,N72 Ateńska
45%
123,148,168,225,311,N02,N03 Bukowskiego
45%
102,188,202,302,523,N21,N71 Garwolińska
45%
135,151,311 Kompasowa
45%
117,123,311 Osiedle Iskra
45%
117,123,311,N22,N72 Osiedle Jantar
45%
151 Rechniewskiego
45%
135,311 Szpital Grochowski
45%
123,135,141,148,N03 Gdecka
42%
311 Kamionek
42%
102,123,173,202 Chodakowska
39%
148,219,225,411,507,E-1,N02,N03 Horbaczewskiego
39%
135,151,311 Kakowskiego
39%
111,123,147,507,509,N02,N22,N72 Stacja Krwiodawstwa
39%
111,117,123,147,411,507,509,E-1,N02,N22,N72 Wał Gocławski
39%
117,123,168,213,219,N22,N72 Meissnera
36%
102,173,202,N21,302,N71 Mycielskiego
36%
123,135,148,168,225,N02,N03 Perkuna
36%
141,158,182 Tarnowiecka
36%
102,123,173,202 Żupnicza
36%
135,151,311 Bohaterewicza
33%
117,138,146,147 Plac Przymierza
33%
111,123 Zwycięzców
33%
146 Algierska
30%
188,202 Cukrownicza
30%
188,202 Hetmańska
30%
117,146 Meksykańska
30%
225 Osiedle Dudziarska
30%
111,311 Osiedle Orlik
30%
188,202 Podolska
30%
102,173,202,302,311,N21,N71 Podskarbińska
30%
102,123,173,202,311 Terespolska
30%
102,123,173,311 Tor Kolarski
30%
146 Arabska
27%
225 Areszt Śledczy Grochów
27%
188,202 Gocławek Wschodn
27%
138 Katowicka
27%
102,123 Siennicka
27%
102,123 Przeworska
24%
117,146 Wersalska
24%
146 Rzymska
21%
111,123,N02,N22,N72 Walecznych
21%
135,302 Zbaraska
21%
138,E-1 Kryniczna
18%
158 Spalinowa
18%
158 Rozłucka
15%
158 Walewska
15%
146,147,302 Wybrzeże Szczecińskie
12%
125,142,702,704,720,722,730,N22 Świecka
3%
225 Szeroka
3%
Nie znaleziono quizów pasujących do podanych kryteriów
Rozkład punktacji
Procent ludzi z każdym wynikiem
Percentyl według liczby udzielonych odpowiedzi
Twoja historia wyników
Nie rozwiązałeś tego quizu